Normal view
MARC view
- Wyatt, Paul
Entry Personal Name
001 - CONTROL NUMBER
- control field: 41910
003 - CONTROL NUMBER IDENTIFIER
- control field: DLC
005 - DATE AND TIME OF LATEST TRANSACTION
- control field: 20181106103040.0
008 - FIXED-LENGTH DATA ELEMENTS
- fixed length control field: 960327n| acannaabn |n aaa
010 ## - LIBRARY OF CONGRESS CONTROL NUMBER
- LC control number: n 96030133
035 ## - SYSTEM CONTROL NUMBER
- System control number: (OCoLC)oca04044583
040 ## - CATALOGING SOURCE
- Original cataloging agency: DLC
- Language of cataloging: eng
- Transcribing agency: DLC
- Modifying agency: DLC
- Modifying agency: ZA-PrTUT
- Modifying agency: EG-ScBUE
100 1# - HEADING--PERSONAL NAME
- Personal name: Wyatt, Paul
670 ## - SOURCE DATA FOUND
- Source citation: Astronomy for the southern hemisphere, 1996:
- Information found: CIP t.p. (Paul Wyatt)
670 ## - SOURCE DATA FOUND
- Source citation: Workbook for organic synthesis, 2008:
- Information found: t.p. (Paul Wyatt, School of Chemistry, University of Bristol, UK)